Normal view
MARC view
- Principles of business data processing with BASIC
Entry Topical Term
001 - CONTROL NUMBER
- control field: 106812
003 - CONTROL NUMBER IDENTIFIER
- control field: NUST
005 - DATE AND TIME OF LATEST TRANSACTION
- control field: 20230113160833.0
008 - FIXED-LENGTH DATA ELEMENTS
- fixed length control field: 230113|| aca||aabn | a|a d
040 ## - CATALOGING SOURCE
- Original cataloging agency: NUST
- Transcribing agency: NUST
150 ## - HEADING--TOPICAL TERM
- Topical term or geographic name entry element: Principles of business data processing with BASIC
670 ## - SOURCE DATA FOUND
- Source citation: Work cat.: (NUST)214787: Dock,V.Thomas 106811, Principles of business data processing with BASIC /, 1978.
